Celebrations and special days
| Main Author: | |
|---|---|
| Format: | Book |
| Published: |
[S.l.] :
Ruby Tuesday Books Ltd. ,
2015
|
| Subjects: |
MARC
| LEADER | 00000cam a2200000 7i4500 | ||
|---|---|---|---|
| 001 | 0000199429 | ||
| 005 | 20151115.0 | ||
| 020 | |a 9781910549001 | ||
| 090 | 0 | 0 | |a 394.26 |b LAW |
| 100 | 1 | |a Lawrence, Ellen | |
| 245 | 1 | 0 | |a Celebrations and special days |c Ellen Lawrence |
| 260 | |a [S.l.] : |b Ruby Tuesday Books Ltd. , |c 2015 | ||
| 300 | |a 24p. ; |c 21cm. | ||
| 650 | 0 | 0 | |a Festivals |x Juvenile literature |
| 650 | 0 | 0 | |a Holidays |x Juvenile literature |
| 999 | |a 00313002 |b BUKU |c JUNIOR BOOKS |e PERPUSTAKAAN KOMUNITI PETALING JAYA | ||